000 00966nam0a22002651 4500
001 rc\6602
005 20250620112317.0
010 _a5-7791-0021-7
_910000
035 _a(NLR Aleph) 005296373
090 _a6243246
_c6243246
100 _a20021204d1996 |||y0rusy50 ca
101 0 _arus
102 _aRU
105 _aa |||||||||
200 1 _aOS/2 Warp в вопросах и ответах
_e[Самые попул. вопр. от простых до самых сложных... из банка данных Corporate SoftNare Inc.
_eПер. с англ.]
210 _aСПб.
_cBHV-Санкт-Петербург
_d1996
215 _a216 с.
_cил.
_d24
300 _aПеревод изд.: OS/2 Warp answers: certified tech Support / Kathy Ivens (McGraw-Hill)
320 _aПредм. указ.: с. 205-216
700 1 _aАйвенс
_bК.
801 0 _aRU
_bNLR
_gpsbo
801 1 _aRU
_bELAR
_2rusmarc
852 _aNLR
_j97-7/203
942 _cBOOK
980 _aNB